[Event "16th EUR-ch"]
[Site "Jerusalem ISR"]
[Date "2015.02.26"]
[Round "3"]
[White "Veinberg, Nimrod"]
[Black "Bok, Benjamin"]
[Result "1/2-1/2"]
[WhiteElo "2350"]
[BlackElo "2587"]
[EventDate "2015.02.24"]
[PlyCount "44"]

1.d4 Nf6 2.c4 g6 3.Nc3 d5 4.cxd5 Nxd5 5.e4 Nxc3 6.bxc3 Bg7 7.Qa4+ Qd7 8.
Qb3 O-O 9.Be3 c5 10.Nf3 cxd4 11.cxd4 Nc6 12.Rd1 Qd6 13.Be2 Bg4 14.d5 Ne5 
15.O-O Rfc8 16.Bd2 Nxf3+ 17.gxf3 Bh5 18.Rc1 Be5 19.h3 Kg7 20.Qe3 Qf6 21.
Kg2 Kg8 22.Rxc8+ Rxc8 1/2-1/2

[Event "16th EUR-ch"]
[Site "Jerusalem ISR"]
[Date "2015.02.26"]
[Round "3"]
[White "Brkic, Ante"]
[Black "Manakova, Maria"]
[Result "1-0"]
[WhiteElo "2586"]
[BlackElo "2318"]
[EventDate "2015.02.24"]
[PlyCount "53"]

1.e4 c5 2.Nf3 Nc6 3.Bb5 g6 4.Bxc6 dxc6 5.d3 Bg7 6.h3 e5 7.Be3 Qe7 8.Qd2 
Nf6 9.Bh6 O-O 10.Nc3 Nh5 11.Ne2 f6 12.Be3 f5 13.Bh6 Bxh6 14.Qxh6 c4 15.
dxc4 fxe4 16.Ng5 e3 17.fxe3 Rf5 18.Ne4 Ng7 19.g4 Rf8 20.O-O-O Kh8 21.Ng5 
Ne6 22.Rhf1 Rxf1 23.Rxf1 Qg7 24.Nf7+ Kg8 25.Qh4 g5 26.Qh5 e4 27.Nh6+ 1-0

[Event "16th EUR-ch"]
[Site "Jerusalem ISR"]
[Date "2015.02.26"]
[Round "3"]
[White "Parligras, Mircea-Emilian"]
[Black "Vasiliev, Olga"]
[Result "1-0"]
[WhiteElo "2583"]
[BlackElo "2296"]
[EventDate "2015.02.24"]
[PlyCount "75"]

1.d4 Nf6 2.c4 g6 3.Nc3 Bg7 4.Nf3 O-O 5.e4 d6 6.h3 e5 7.d5 a5 8.g4 Na6 9.
Be3 c6 10.Be2 cxd5 11.cxd5 b6 12.Nd2 Nc5 13.h4 Bd7 14.h5 a4 15.g5 Ne8 16.
b4 axb3 17.axb3 f5 18.gxf6 Nxf6 19.b4 Nb7 20.hxg6 hxg6 21.Rg1 Kf7 22.Nc4 
b5 23.Nb6 Rxa1 24.Qxa1 Bh3 25.Rg3 Rh8 26.Qa7 Bc8 27.Bxb5 Rh1+ 28.Kd2 Kg8 
29.Qa8 Nh5 30.Rxg6 Kh7 31.Rxg7+ Nxg7 32.Qxc8 Qe7 33.Qd7 Qh4 34.Qxb7 Qg4 
35.Be2 Qg1 36.Nc4 Qc1+ 37.Kd3 Qa1 38.Nxd6 1-0

[Event "16th EUR-ch"]
[Site "Jerusalem ISR"]
[Date "2015.02.26"]
[Round "3"]
[White "Banusz, Tamas"]
[Black "Belytsky, Alexandr"]
[Result "1/2-1/2"]
[WhiteElo "2582"]
[BlackElo "2227"]
[EventDate "2015.02.24"]
[PlyCount "125"]

1.Nf3 Nf6 2.c4 c5 3.Nc3 d5 4.cxd5 Nxd5 5.g3 g6 6.Bg2 Bg7 7.O-O O-O 8.d4 
Nxc3 9.bxc3 Nc6 10.Be3 Qc7 11.d5 Ne5 12.Nxe5 Bxe5 13.Rc1 Bd7 14.Bh6 Bg7 
15.Bf4 Be5 16.Bh6 Bg7 17.Bxg7 Kxg7 18.f4 Rad8 19.c4 Rfe8 20.Qb3 b6 21.Qb2+
Kg8 22.e4 e5 23.Rce1 Bc8 24.Rf2 Qd6 25.Qe2 Bd7 26.Qf1 f5 27.Rfe2 fxe4 28.
Rxe4 exf4 29.gxf4 Rxe4 30.Rxe4 Rf8 31.Qf2 b5 32.cxb5 Qxd5 33.a4 Bf5 34.Re1
Qc4 35.Qb2 Be6 36.a5 Bd5 37.Re7 Bf7 38.b6 axb6 39.axb6 Rd8 40.Re1 Qxf4 41.
b7 Qc7 42.Qe5 Qb6 43.Ra1 c4+ 44.Kh1 Re8 45.Qc3 Rb8 46.Qg3 Rxb7 47.Bxb7 
Qxb7+ 48.Kg1 Qb2 49.Re1 c3 50.Qe5 Qb4 51.Qe3 c2 52.Rc1 Qg4+ 53.Kf2 Qd1 54.
Qe1 Qd3 55.Qe3 Qf5+ 56.Ke1 g5 57.Kd2 Bg6 58.Qd4 Qa5+ 59.Ke3 Qa3+ 60.Kd2 
Qa5+ 61.Ke3 Qa3+ 62.Kd2 Qa5+ 63.Ke3 1/2-1/2

[Event "16th EUR-ch"]
[Site "Jerusalem ISR"]
[Date "2015.02.26"]
[Round "3"]
[White "Kudischewitsch, David"]
[Black "Esen, Baris"]
[Result "0-1"]
[WhiteElo "2334"]
[BlackElo "2571"]
[EventDate "2015.02.24"]
[PlyCount "92"]

1.d4 e6 2.g3 c5 3.Nf3 Nf6 4.Bg2 b5 5.O-O Bb7 6.dxc5 Bxc5 7.Nbd2 d5 8.c3 
Nbd7 9.Nb3 Bb6 10.Nfd4 a6 11.a4 bxa4 12.Rxa4 O-O 13.Ra2 Rc8 14.Nc2 Ng4 15.
Qe1 h5 16.h3 Nge5 17.Kh1 Nc4 18.Nd2 Nd6 19.Nf3 e5 20.Qd1 Nf5 21.e3 a5 22.
Nd2 Nf6 23.Qe2 Qd7 24.Rd1 d4 25.Bxb7 Qxb7+ 26.Qf3 Qd7 27.Ne4 Nxe4 28.Qxe4 
Qe6 29.Ra3 dxe3 30.Nxe3 Nxe3 31.Bxe3 Qxh3+ 32.Kg1 Rfd8 33.Re1 Bxe3 34.Qxe3
Rd5 35.Ra4 Rcd8 36.Qf3 g6 37.Rae4 Qe6 38.c4 Rd3 39.Qe2 f6 40.Rh4 Kg7 41.c5
Qc6 42.Rc1 Rd2 43.Qe1 R8d3 44.Re4 Rxb2 45.Re3 Rdd2 46.Rb3 Rxf2 0-1

[Event "16th EUR-ch"]
[Site "Jerusalem ISR"]
[Date "2015.02.26"]
[Round "3"]
[White "Hansen, Sune Berg"]
[Black "Schnabel, Ralf"]
[Result "1-0"]
[WhiteElo "2571"]
[BlackElo "2223"]
[EventDate "2015.02.24"]
[PlyCount "73"]

1.d4 f5 2.Bg5 c5 3.c3 Qb6 4.Qc2 cxd4 5.cxd4 Nc6 6.e3 g6 7.Nc3 Bg7 8.Bc4 e6
9.Nf3 Nf6 10.a3 d5 11.Be2 Bd7 12.O-O O-O 13.Na4 Qd8 14.Nc5 Bc8 15.Ne5 Ne7 
16.Rac1 h6 17.Bxf6 Bxf6 18.Bb5 Bxe5 19.dxe5 a6 20.Ba4 b6 21.Nd3 Bd7 22.
Bxd7 Qxd7 23.Qc7 Qxc7 24.Rxc7 Kf7 25.Rfc1 Rfc8 26.Kf1 g5 27.Ke1 a5 28.Kd2 
Rxc7 29.Rxc7 Rc8 30.Rb7 Rc6 31.b4 axb4 32.axb4 Rc4 33.Rxb6 f4 34.exf4 gxf4
35.b5 Ng6 36.Rb7+ Ke8 37.Rg7 1-0

[Event "16th EUR-ch"]
[Site "Jerusalem ISR"]
[Date "2015.02.26"]
[Round "3"]
[White "Zanan, Evgeny"]
[Black "Timofeev, Artyom"]
[Result "1/2-1/2"]
[WhiteElo "2327"]
[BlackElo "2564"]
[EventDate "2015.02.24"]
[PlyCount "96"]

1.d4 Nf6 2.c4 e6 3.Nf3 d5 4.g3 dxc4 5.Bg2 a6 6.O-O Nc6 7.e3 Rb8 8.Nfd2 e5 
9.Bxc6+ bxc6 10.dxe5 Ng4 11.Nf3 Qe7 12.Qd4 c5 13.Qe4 f5 14.Qxc4 Nxe5 15.
Nxe5 Qxe5 16.Nc3 Bd6 17.e4 Qd4 18.Qd5 Qxd5 19.exd5 Kf7 20.Re1 Bd7 21.Re2 
Rhe8 22.Be3 g5 23.Rae1 f4 24.Bc1 Rxe2 25.Rxe2 Bg4 26.Re1 Kf6 27.Kg2 f3+ 
28.Kg1 Bf5 29.b3 c4 30.bxc4 Rb4 31.c5 Bxc5 32.Ba3 Rc4 33.Bxc5 Rxc5 34.Re3 
g4 35.h3 h5 36.hxg4 hxg4 37.Kf1 Bc8 38.Ke1 Bb7 39.Rd3 Kf5 40.Kd2 Rc4 41.a3
a5 42.d6 cxd6 43.Rxd6 Ke5 44.Rb6 Bc6 45.Kd3 Rd4+ 46.Ke3 Rc4 47.Kd3 Rd4+ 
48.Ke3 Rc4 1/2-1/2

[Event "16th EUR-ch"]
[Site "Jerusalem ISR"]
[Date "2015.02.26"]
[Round "3"]
[White "Aharon, Ofir"]
[Black "Can, Emre"]
[Result "1/2-1/2"]
[WhiteElo "2311"]
[BlackElo "2555"]
[EventDate "2015.02.24"]
[PlyCount "88"]

1.e4 c5 2.Nf3 d6 3.d4 cxd4 4.Nxd4 Nf6 5.Nc3 Nc6 6.Bg5 e6 7.Qd2 Be7 8.O-O-O
a6 9.Bxf6 gxf6 10.f4 Nxd4 11.Qxd4 b5 12.Kb1 Qc7 13.g4 Qc5 14.Qd2 Rg8 15.h3
Bb7 16.Bd3 O-O-O 17.f5 h5 18.gxh5 Kb8 19.Rhf1 Rg5 20.h6 Rh8 21.h7 Qe5 22.
a4 b4 23.Ne2 a5 24.h4 Rg7 25.Rg1 Rgxh7 26.fxe6 fxe6 27.Nf4 Rc8 28.Ng6 Qc5 
29.e5 f5 30.Nxe7 Rxe7 31.exd6 Qxd6 32.Rg6 Qc7 33.Qe2 Bd5 34.Ba6 Rd8 35.Bc4
Bxc4 36.Rxd8+ Qxd8 37.Qxc4 Qc7 38.Qb5+ Ka7 39.h5 Qb6 40.h6 Qxb5 41.axb5 
Kb6 42.h7 Rxh7 43.Rxe6+ Kxb5 44.Re5+ Kb6 1/2-1/2

[Event "16th EUR-ch"]
[Site "Jerusalem ISR"]
[Date "2015.02.26"]
[Round "3"]
[White "Kogan, Artur"]
[Black "Gamayev, Oleg"]
[Result "1-0"]
[WhiteElo "2555"]
[BlackElo "2204"]
[EventDate "2015.02.24"]
[PlyCount "61"]

1.e4 d6 2.d4 Nf6 3.Nc3 e5 4.Nf3 exd4 5.Nxd4 Be7 6.Bf4 O-O 7.Be2 Nc6 8.Qd2 
Nxd4 9.Qxd4 Be6 10.O-O-O Nd7 11.h4 Bf6 12.Qe3 Qe7 13.Bg5 Nb6 14.f4 Rfe8 
15.Qg3 Kh8 16.Bd3 Bc4 17.e5 dxe5 18.Bxc4 Nxc4 19.Nd5 Qe6 20.Bxf6 gxf6 21.
Qc3 Nd6 22.Nxc7 Ne4 23.Qa3 Qf5 24.Nxe8 Qxf4+ 25.Kb1 Rxe8 26.Qxa7 Re6 27.
Qxb7 Kg7 28.Rd7 Nd6 29.Qd5 Nc4 30.Qxe6 Nd2+ 31.Ka1 1-0

[Event "16th EUR-ch"]
[Site "Jerusalem ISR"]
[Date "2015.02.26"]
[Round "3"]
[White "Shevelev, Arkady"]
[Black "Babula, Vlastimil"]
[Result "1/2-1/2"]
[WhiteElo "2285"]
[BlackElo "2545"]
[EventDate "2015.02.24"]
[PlyCount "52"]

1.e4 c5 2.Nf3 Nc6 3.d4 cxd4 4.Nxd4 Qb6 5.Nb5 a6 6.Be3 Qa5+ 7.N5c3 e6 8.Nd2
Qc7 9.Na4 b5 10.Nb6 Rb8 11.Nxc8 Qxc8 12.a4 Nf6 13.axb5 axb5 14.Be2 Be7 15.
O-O O-O 16.f4 Rd8 17.c3 d5 18.e5 Nd7 19.Nb3 b4 20.Nd4 Nc5 21.Kh1 bxc3 22.
bxc3 Qc7 23.Nb5 Qd7 24.Nd4 Ne4 25.Qe1 Nxd4 26.Bxd4 Rdc8 1/2-1/2

[Event "16th EUR-ch"]
[Site "Jerusalem ISR"]
[Date "2015.02.26"]
[Round "3"]
[White "Popilski, Gil"]
[Black "Kraus, Ohad"]
[Result "1-0"]
[WhiteElo "2517"]
[BlackElo "2190"]
[EventDate "2015.02.24"]
[PlyCount "131"]

1.d4 Nf6 2.g3 d5 3.Bg2 c6 4.Nf3 Bf5 5.O-O h6 6.c4 e6 7.Nc3 Be7 8.Nd2 O-O 
9.e4 dxe4 10.Ndxe4 Nxe4 11.Nxe4 Nd7 12.Be3 Nf6 13.Nc3 Qa5 14.a3 Qa6 15.Re1
Rad8 16.h3 Nh7 17.Qe2 Bf6 18.Rad1 Qa5 19.h4 Bg6 20.Ne4 Be7 21.b4 Qc7 22.
Bf4 Qc8 23.Bh3 Rfe8 24.Qf3 Qa8 25.Nc5 Nf6 26.Bc7 Rc8 27.Be5 Rcd8 28.Rd2 a5
29.Bc7 axb4 30.Bxd8 Rxd8 31.axb4 b6 32.Nxe6 fxe6 33.Rxe6 Bxb4 34.Rxf6 gxf6
35.Qxf6 Bf7 36.Be6 Bxe6 37.Qxe6+ Kg7 38.Qg4+ Kh8 39.Re2 Bf8 40.Re4 Bg7 41.
Kg2 Qb7 42.Re6 Qd7 43.Qe4 Qxd4 44.Re8+ Rxe8 45.Qxe8+ Kh7 46.Qxc6 Qf6 47.
Qd5 Bf8 48.Qe4+ Kg7 49.Qg4+ Kf7 50.Qd7+ Be7 51.f4 Qe6 52.Qd3 Qc6+ 53.Kh3 
Ke8 54.Kg4 Qd7+ 55.Qxd7+ Kxd7 56.Kh5 Bf8 57.g4 Kc6 58.Kg6 Kc5 59.Kf7 Bd6 
60.f5 Bf4 61.f6 Kxc4 62.Ke6 Kc5 63.g5 hxg5 64.f7 Bd6 65.hxg5 b5 66.g6 1-0

[Event "16th EUR-ch"]
[Site "Jerusalem ISR"]
[Date "2015.02.26"]
[Round "3"]
[White "Bakalchuk, Johnatan"]
[Black "Sivuk, Vitaly"]
[Result "1/2-1/2"]
[WhiteElo "2272"]
[BlackElo "2517"]
[EventDate "2015.02.24"]
[PlyCount "144"]

1.e4 Nf6 2.e5 Nd5 3.c4 Nb6 4.d4 d6 5.f4 dxe5 6.fxe5 Nc6 7.Be3 Bf5 8.Nc3 e6
9.Nf3 Bb4 10.Be2 Na5 11.Nd2 c5 12.dxc5 Nd7 13.Nb5 O-O 14.O-O Nxe5 15.Nd6 
Qc7 16.Nxf5 exf5 17.Kh1 Rad8 18.Qc2 g6 19.Rac1 Bxc5 20.Bf4 Nac6 21.Nf3 Qe7
22.Nxe5 Nxe5 23.Rce1 Bb4 24.Rd1 Rfe8 25.a3 Bd6 26.b4 Nc6 27.Rxd6 Rxd6 28.
Bxd6 Qxd6 29.Bf3 Re3 30.c5 Qe5 31.Qd2 Rxa3 32.b5 Ra1 33.Rd1 Rxd1+ 34.Qxd1 
Nd4 35.c6 bxc6 36.bxc6 Ne6 37.h3 a5 38.Bd5 Qd6 39.Qb3 Nc7 40.Bxf7+ Kg7 41.
Bc4 Kf6 42.Qc2 f4 43.Be2 Qe5 44.Bf3 Ne6 45.Qc4 Kg5 46.Bg4 Nc7 47.Bf3 h5 
48.Be4 Ne8 49.Qd3 a4 50.Bxg6 Qe1+ 51.Kh2 Qg3+ 52.Kg1 Qxd3 53.Bxd3 a3 54.
Bb1 Kf6 55.Kf2 Ke5 56.Kf3 Nc7 57.g3 fxg3 58.Kxg3 Kd6 59.Kh4 Nd5 60.Ba2 Nf4
61.Kg5 Nxh3+ 62.Kxh5 Kxc6 63.Kg4 Nf2+ 64.Kf3 Nd1 65.Ke2 Nc3+ 66.Kd3 Nxa2 
67.Kc2 Nb4+ 68.Kb3 a2 69.Kb2 Kc5 70.Ka1 Kc4 71.Kb2 Kd3 72.Ka1 Kc2 1/2-1/2

[Event "16th EUR-ch"]
[Site "Jerusalem ISR"]
[Date "2015.02.26"]
[Round "3"]
[White "Zisman, Philip"]
[Black "Rasulov, Vugar"]
[Result "1/2-1/2"]
[WhiteElo "2238"]
[BlackElo "2508"]
[EventDate "2015.02.24"]
[PlyCount "54"]

1.e4 c5 2.Nf3 e6 3.d4 cxd4 4.Nxd4 Nc6 5.Nc3 Qc7 6.Be3 a6 7.Be2 b5 8.O-O 
Bb7 9.f4 Bc5 10.Qd2 Qb6 11.Rad1 d6 12.Bf3 Nf6 13.Rfe1 Rd8 14.Nxc6 Bxc6 15.
Nd5 Bxd5 16.exd5 O-O 17.b4 Bxe3+ 18.Qxe3 Qxe3+ 19.Rxe3 Rfe8 20.Ra3 Nxd5 
21.Bxd5 exd5 22.Rxa6 Rc8 23.Rxd6 Rxc2 24.R6xd5 Rxa2 25.Rxb5 h6 26.Re5 Rc8 
27.Rc5 Re8 1/2-1/2

[Event "16th EUR-ch"]
[Site "Jerusalem ISR"]
[Date "2015.02.26"]
[Round "3"]
[White "Zalkind, Konstantin"]
[Black "Klein, David"]
[Result "0-1"]
[WhiteElo "2222"]
[BlackElo "2505"]
[EventDate "2015.02.24"]
[PlyCount "104"]

1.d4 Nf6 2.Nf3 e6 3.e3 g6 4.c4 Bg7 5.Nc3 O-O 6.Be2 d6 7.O-O Nc6 8.e4 e5 9.
d5 Ne7 10.Ne1 Ne8 11.Nd3 f5 12.exf5 Nxf5 13.Ne4 Nf6 14.f3 Bd7 15.Ndf2 b6 
16.Bd3 a5 17.Re1 Nxe4 18.Nxe4 Bh6 19.Bxh6 Nxh6 20.Qd2 Nf5 21.f4 exf4 22.
Qxf4 Qh4 23.Qxh4 Nxh4 24.Rf1 Kg7 25.Ng5 h6 26.Ne6+ Bxe6 27.dxe6 Nf5 28.Be4
Rae8 29.Bd5 Ne7 30.Rf7+ Rxf7 31.exf7 Rf8 32.Be6 Nc6 33.a3 Nd8 34.Bd5 Nxf7 
35.b4 Ne5 36.bxa5 bxa5 37.Rb1 c6 38.Rb7+ Kf6 39.Be4 Rc8 40.c5 dxc5 41.Ra7 
Nc4 42.a4 Nd2 43.Bc2 Nc4 44.Bb3 Na3 45.Rf7+ Ke5 46.Rf3 Rb8 47.Bf7 Rf8 48.
Kf2 g5 49.g4 Nc2 50.Rf5+ Kd6 51.Bc4 Rxf5+ 52.gxf5 Ke5 0-1

[Event "16th EUR-ch"]
[Site "Jerusalem ISR"]
[Date "2015.02.26"]
[Round "3"]
[White "Marusenko, Petr"]
[Black "Andersen, Mads"]
[Result "0-1"]
[WhiteElo "2205"]
[BlackElo "2494"]
[EventDate "2015.02.24"]
[PlyCount "120"]

1.d4 Nf6 2.c4 g6 3.g3 Bg7 4.Bg2 d5 5.cxd5 Nxd5 6.e4 Nb6 7.Ne2 c5 8.d5 e6 
9.Nec3 O-O 10.O-O Na6 11.a4 exd5 12.exd5 Nc4 13.Nd2 Nxd2 14.Bxd2 Nb4 15.
Bf4 c4 16.Qd2 Nd3 17.Bh6 Bxh6 18.Qxh6 Bf5 19.Be4 Bxe4 20.Nxe4 f6 21.Nc3 
Qb6 22.a5 Qd4 23.Qe3 Qxe3 24.fxe3 Rae8 25.e4 Nc5 26.Rfe1 Re5 27.Rad1 Rc8 
28.Re2 Nb3 29.a6 bxa6 30.Rf2 Kg7 31.Rdf1 Rf8 32.h4 h5 33.Rd1 Rd8 34.Rdf1 
Rd6 35.Rd1 Kf7 36.Kg2 Ke7 37.Kh3 Kf7 38.g4 hxg4+ 39.Kxg4 Nc5 40.Rd4 Nd3 
41.Rf1 Re8 42.Na4 Rb8 43.h5 Ne5+ 44.Kf4 gxh5 45.Rd2 Rb3 46.Rh2 h4 47.Kf5 
Rg3 48.Nc3 Ng4 49.Rxh4 Ne3+ 50.Kf4 Nxf1 51.Rh1 Rxc3 52.bxc3 Nd2 53.Rh2 Nb3
54.Kf5 Ke7 55.Rh7+ Kd8 56.Rxa7 Nc5 57.Kf4 Kc8 58.Rf7 a5 59.Ra7 Ra6 60.Rh7 
a4 0-1

[Event "16th EUR-ch"]
[Site "Jerusalem ISR"]
[Date "2015.02.26"]
[Round "3"]
[White "Kjartansson, Gudmundur"]
[Black "Hasidovsky, Michael"]
[Result "1-0"]
[WhiteElo "2484"]
[BlackElo "2187"]
[EventDate "2015.02.24"]
[PlyCount "105"]

1.d4 Nf6 2.c4 e6 3.g3 d5 4.Nf3 c6 5.Bg2 Bd6 6.Nfd2 Nbd7 7.Nc3 O-O 8.O-O 
Bc7 9.e4 dxc4 10.Nxc4 b5 11.Ne3 Nb6 12.e5 Nfd5 13.Ne4 Nd7 14.Qc2 Bb7 15.
Ng4 Qe7 16.a3 c5 17.Nxc5 Nxc5 18.dxc5 h5 19.c6 Bxc6 20.Nh6+ gxh6 21.Qxc6 
Bxe5 22.Qxb5 Rab8 23.Qe2 Qf6 24.Ra2 h4 25.Bxh6 hxg3 26.Qg4+ Qg6 27.Qxg6+ 
fxg6 28.hxg3 Rf7 29.b4 Kh7 30.Re2 Bd4 31.Re4 Nc3 32.Rh4 Kg8 33.Be4 Nxe4 
34.Rxe4 e5 35.Be3 Bb2 36.Rb1 Bc3 37.Rc4 Bd4 38.Bxd4 exd4 39.Rxd4 Rf3 40.a4
Ra3 41.b5 Ra2 42.Rbd1 Rf8 43.R1d2 Ra3 44.Rg4 Kg7 45.Rd7+ Rf7 46.Rgd4 Rf3 
47.Rxf7+ Rxf7 48.Rd6 Kh6 49.Kg2 Kg5 50.f4+ Kh6 51.Kf3 Rc7 52.f5 Rc3+ 53.
Kg2 1-0

[Event "16th EUR-ch"]
[Site "Jerusalem ISR"]
[Date "2015.02.26"]
[Round "3"]
[White "Katzir, Moshe"]
[Black "Ducarmon, Quinten"]
[Result "0-1"]
[WhiteElo "2196"]
[BlackElo "2482"]
[EventDate "2015.02.24"]
[PlyCount "140"]

1.e4 c5 2.Nf3 e6 3.d4 cxd4 4.Nxd4 Nc6 5.Nc3 Qc7 6.g3 a6 7.Bg2 d6 8.O-O Bd7
9.Re1 Be7 10.Nxc6 Bxc6 11.a4 Nf6 12.Be3 O-O 13.a5 Rac8 14.f4 Nd7 15.Bd4 
Bf6 16.Ne2 e5 17.Be3 exf4 18.Bxf4 Be5 19.c4 Rfe8 20.Nd4 Nf6 21.Qd3 Bd7 22.
b3 Qc5 23.Be3 Ng4 24.Ne6 Qc6 25.Nd4 Qc7 26.Bf4 Qc5 27.Red1 Re7 28.h3 Nf6 
29.Be3 Qc7 30.Bf2 Rce8 31.Re1 Qc8 32.Kh2 h5 33.Ra2 h4 34.Ne2 Nh5 35.Qf3 g6
36.Nf4 hxg3+ 37.Bxg3 Nxg3 38.Qxg3 Kg7 39.Rf1 Rh8 40.Kg1 Qc5+ 41.Kh2 Rh7 
42.Rd2 Qxa5 43.Rd5 Qa2 44.Rf2 Qa1 45.Rf1 Qb2 46.Rf2 Qa1 47.Rf1 Qa3 48.Qg5 
Re8 49.Rxe5 dxe5 50.Nd5 Qd6 51.c5 Qe6 52.Rf6 Rxh3+ 53.Bxh3 Qxh3+ 54.Kg1 
Qg4+ 55.Qxg4 Bxg4 56.Rb6 Bc8 57.Rd6 Be6 58.Rb6 Rc8 59.b4 a5 60.Ne7 Rc7 61.
Nd5 Rd7 62.Rd6 axb4 63.Rxd7 Bxd7 64.Nxb4 Bc6 65.Nd3 Kf6 66.Nf2 Kg5 67.Kf1 
Kf4 68.Nh3+ Kg4 69.Nf2+ Kf3 70.Nh3 f6 0-1

[Event "16th EUR-ch"]
[Site "Jerusalem ISR"]
[Date "2015.02.26"]
[Round "3"]
[White "Batsiashvili, Nino"]
[Black "Vaisberg, Michael"]
[Result "1-0"]
[WhiteElo "2475"]
[BlackElo "2136"]
[EventDate "2015.02.24"]
[PlyCount "131"]

1.d4 d5 2.c4 c6 3.Nf3 e6 4.Qc2 f5 5.Bf4 Nf6 6.e3 Be7 7.Nc3 O-O 8.Bd3 Na6 
9.a3 dxc4 10.Bxc4 b5 11.Bb3 b4 12.axb4 Nxb4 13.Qe2 Nfd5 14.Be5 a5 15.O-O 
Ba6 16.Bc4 Bxc4 17.Qxc4 Qb6 18.Rfc1 Rfc8 19.Na4 Qb5 20.Ne1 Kf7 21.h3 h6 
22.Bh2 Qxc4 23.Rxc4 Ra6 24.Kf1 Rca8 25.Rcc1 Nb6 26.Nc5 Bxc5 27.dxc5 N6d5 
28.Be5 a4 29.Ra3 Ra5 30.Rc4 Rb5 31.Nf3 Raa5 32.Bd4 g5 33.Ne5+ Ke8 34.Ke2 
Nc7 35.f3 Ncd5 36.g3 f4 37.gxf4 gxf4 38.e4 Ne3 39.Bxe3 fxe3 40.f4 Na6 41.
Kxe3 Rxb2 42.Rcxa4 Rxa4 43.Rxa4 Nxc5 44.Ra8+ Ke7 45.Ra7+ Ke8 46.Nxc6 Nd7 
47.Ra8+ Kf7 48.Rd8 Rb3+ 49.Kd4 Nf8 50.h4 Rb1 51.Ne5+ Kg7 52.Re8 Rd1+ 53.
Ke3 Re1+ 54.Kf3 Rf1+ 55.Kg3 Re1 56.Re7+ Kg8 57.Kf3 Rf1+ 58.Kg4 Rf2 59.h5 
Rf1 60.Kg3 Rg1+ 61.Kf2 Rg7 62.Re8 Ra7 63.Ng6 Rf7 64.Ke3 Kg7 65.Nxf8 Rxf8 
66.Rxe6 1-0

[Event "16th EUR-ch"]
[Site "Jerusalem ISR"]
[Date "2015.02.26"]
[Round "3"]
[White "Chuvnik, Mordechai"]
[Black "Givon, Asaf"]
[Result "0-1"]
[WhiteElo "2189"]
[BlackElo "2473"]
[EventDate "2015.02.24"]
[PlyCount "54"]

1.Nf3 c5 2.g3 g6 3.Bg2 Bg7 4.O-O Nc6 5.d3 d6 6.c4 e6 7.Nc3 Nge7 8.Bg5 h6 
9.Bxe7 Qxe7 10.Rc1 O-O 11.e3 Rb8 12.Qe2 a6 13.a4 Bd7 14.Rfd1 Rfc8 15.b3 
Na7 16.d4 cxd4 17.exd4 b5 18.axb5 axb5 19.Ra1 Be8 20.Ra6 bxc4 21.bxc4 Nc6 
22.Nb5 Nb4 23.Ra7 Qd8 24.Rb1 Nc6 25.Ra6 Nxd4 26.Nfxd4 Bxd4 27.Rxd6 Rxb5 
0-1

[Event "16th EUR-ch"]
[Site "Jerusalem ISR"]
[Date "2015.02.26"]
[Round "3"]
[White "Kunin, Michael"]
[Black "Yuffa, Daniil"]
[Result "0-1"]
[WhiteElo "2147"]
[BlackElo "2469"]
[EventDate "2015.02.24"]
[PlyCount "66"]

1.e4 c6 2.d4 d5 3.Nd2 dxe4 4.Nxe4 Bf5 5.Ng3 Bg6 6.Nf3 Nd7 7.Bc4 e6 8.O-O 
Ngf6 9.Qe2 Be7 10.c3 Qc7 11.Ne5 Nxe5 12.dxe5 Nd5 13.f4 O-O-O 14.Ne4 f6 15.
exf6 gxf6 16.Ng3 Bf7 17.Bb3 h5 18.c4 Nb4 19.Be3 h4 20.Ne4 h3 21.g3 Bg6 22.
Nf2 Bh5 23.Qe1 c5 24.a3 Qc6 25.Nxh3 Nd3 26.Qc3 Bg4 27.Bd1 Bxh3 28.Bf3 Qb6 
29.Rfd1 Bf5 30.Rd2 e5 31.Bd5 exf4 32.Rxd3 Bxd3 33.Bxf4 Rxd5 0-1

[Event "16th EUR-ch"]
[Site "Jerusalem ISR"]
[Date "2015.02.26"]
[Round "3"]
[White "Yilmazyerli, Mert"]
[Black "Kraus, Yair"]
[Result "1-0"]
[WhiteElo "2465"]
[BlackElo "2129"]
[EventDate "2015.02.24"]
[PlyCount "59"]

1.e4 c5 2.b3 Nc6 3.Bb2 e5 4.f4 exf4 5.Nf3 d6 6.Bc4 Be6 7.Nc3 Nf6 8.Nd5 Be7
9.Nxf4 Qd7 10.O-O O-O 11.Qe1 Ne8 12.Qg3 Bf6 13.e5 Be7 14.Nxe6 fxe6 15.exd6
Qxd6 16.Qxd6 Nxd6 17.Bxe6+ Kh8 18.a3 Rad8 19.Bd5 Bf6 20.Bxf6 Rxf6 21.Bxc6 
bxc6 22.Ne5 Rc8 23.Rxf6 gxf6 24.Nd7 c4 25.Nxf6 cxb3 26.cxb3 Rb8 27.Rc1 
Rxb3 28.Rxc6 Nb5 29.a4 Nd4 30.Rc7 1-0

[Event "16th EUR-ch"]
[Site "Jerusalem ISR"]
[Date "2015.02.26"]
[Round "3"]
[White "Ben-Natan, Yigal"]
[Black "Battaglini, Gabriel"]
[Result "0-1"]
[WhiteElo "2138"]
[BlackElo "2460"]
[EventDate "2015.02.24"]
[PlyCount "96"]

1.d4 d6 2.Nf3 Nf6 3.c4 g6 4.Nc3 Bg7 5.e4 O-O 6.Be2 c5 7.O-O cxd4 8.Nxd4 
Nc6 9.Be3 Bd7 10.f4 Nxd4 11.Bxd4 Bc6 12.Bf3 Nd7 13.Bxg7 Kxg7 14.Qd4+ Kg8 
15.Rac1 a5 16.b3 Qc7 17.Nd5 Bxd5 18.cxd5 Qb8 19.Bg4 Nc5 20.f5 f6 21.fxg6 
hxg6 22.Rf3 Qa7 23.Kh1 Kg7 24.Be6 Qb6 25.Qe3 Qb4 26.Rc4 Qa3 27.e5 Qb2 28.
exd6 exd6 29.h3 Qxa2 30.Rh4 Qa1+ 31.Kh2 Qe5+ 32.Qxe5 fxe5 33.Rxf8 Rxf8 34.
b4 Nxe6 35.dxe6 a4 36.b5 Ra8 37.e7 Kf7 38.e8=Q+ Rxe8 39.Rxa4 Ke6 40.Rc4 d5
41.Rc7 Re7 42.Rc8 e4 43.Kg1 Rf7 44.Re8+ Kd7 45.Re5 Kd6 46.Rg5 Rf6 47.Rg3 
d4 48.Rg4 Kd5 0-1

[Event "16th EUR-ch"]
[Site "Jerusalem ISR"]
[Date "2015.02.26"]
[Round "3"]
[White "Sanal, Vahap"]
[Black "Henseler, Jorgen"]
[Result "1-0"]
[WhiteElo "2460"]
[BlackElo "2123"]
[EventDate "2015.02.24"]
[PlyCount "55"]

1.e4 c6 2.d4 d5 3.exd5 cxd5 4.c4 Nf6 5.Nc3 Nc6 6.Bg5 Be6 7.a3 Qd7 8.g3 Rd8
9.Bxf6 gxf6 10.Bg2 Bg4 11.f3 Be6 12.c5 h5 13.h4 Bh6 14.Nge2 Rg8 15.f4 Kf8 
16.Kf2 Rg6 17.b4 Bg4 18.b5 Bxe2 19.Nxe2 Na5 20.Qd3 e5 21.Bh3 Qc7 22.Bf5 e4
23.Qc3 e3+ 24.Qxe3 Re8 25.Qf3 Nc4 26.Bxg6 fxg6 27.Rhe1 Qd7 28.Nc3 1-0

[Event "16th EUR-ch"]
[Site "Jerusalem ISR"]
[Date "2015.02.26"]
[Round "3"]
[White "Damaso, Rui"]
[Black "Kali, Omer"]
[Result "1/2-1/2"]
[WhiteElo "2451"]
[BlackElo "2089"]
[EventDate "2015.02.24"]
[PlyCount "35"]

1.d4 Nf6 2.Bg5 e6 3.Nd2 d5 4.e4 dxe4 5.Nxe4 Nbd7 6.Nxf6+ Nxf6 7.Nf3 Be7 8.
Bc4 O-O 9.Qe2 a6 10.Rd1 b5 11.Bb3 Bb7 12.Ne5 Nd5 13.Bxe7 Qxe7 14.Qf3 Rad8 
15.O-O c5 16.dxc5 Qxc5 17.Nd3 Qe7 18.Nf4 1/2-1/2

[Event "16th EUR-ch"]
[Site "Jerusalem ISR"]
[Date "2015.02.26"]
[Round "3"]
[White "Bar, Aviv"]
[Black "Goryachkina, Aleksandra"]
[Result "0-1"]
[WhiteElo "2130"]
[BlackElo "2451"]
[EventDate "2015.02.24"]
[PlyCount "74"]

1.e4 c5 2.Nf3 d6 3.Bb5+ Bd7 4.Bxd7+ Qxd7 5.O-O Nf6 6.Re1 Nc6 7.d4 cxd4 8.
Nxd4 g6 9.Nxc6 Qxc6 10.Nc3 Bg7 11.Bg5 h6 12.Bh4 Nd7 13.Re3 Rc8 14.Bg3 Nb6 
15.Re2 Nc4 16.Rb1 Nxb2 17.Rxb2 Bxc3 18.Rb3 O-O 19.Bf4 Bg7 20.Qd2 Qa6 21.a3
Rc5 22.Be3 Rb5 23.Rxb5 Qxb5 24.Re1 Kh7 25.Qd3 Qa5 26.Rb1 b6 27.Rb4 Rc8 28.
Bc1 Qe5 29.g3 Qc3 30.Qxc3 Bxc3 31.Ra4 Rc7 32.Kf1 g5 33.h3 Kg6 34.Ke2 e6 
35.Kd3 Ba5 36.Bd2 Bxd2 37.Kxd2 a5 0-1

[Event "16th EUR-ch"]
[Site "Jerusalem ISR"]
[Date "2015.02.26"]
[Round "3"]
[White "Iljiushenok, Ilia"]
[Black "Aronin, Pavel"]
[Result "1-0"]
[WhiteElo "2450"]
[BlackElo "2085"]
[EventDate "2015.02.24"]
[PlyCount "83"]

1.e4 e5 2.Nf3 Nc6 3.d4 exd4 4.Nxd4 Bb4+ 5.c3 Bc5 6.Nxc6 bxc6 7.Bd3 d6 8.
O-O Ne7 9.Nd2 Ng6 10.b4 Bb6 11.Nc4 Qf6 12.a4 a5 13.Nxb6 cxb6 14.Be3 Nf4 
15.Qd2 Nxd3 16.Qxd3 axb4 17.cxb4 O-O 18.Rfd1 b5 19.a5 Rd8 20.Bd4 Qg6 21.
Qc3 c5 22.bxc5 dxc5 23.Bxc5 Re8 24.f3 h5 25.Qb2 Ba6 26.Rd5 h4 27.h3 Re6 
28.Qf2 Bb7 29.Rd2 Qh5 30.Bb4 Rae8 31.Rc1 Rc6 32.Rxc6 Bxc6 33.a6 Qe5 34.Rd1
g5 35.a7 Ba8 36.Ba3 f6 37.Bb2 Qe6 38.Qc5 Qb3 39.Qd4 Rf8 40.Rc1 Qf7 41.Rc5 
Kh7 42.Rxb5 1-0

[Event "16th EUR-ch"]
[Site "Jerusalem ISR"]
[Date "2015.02.26"]
[Round "3"]
[White "Pogosian, Vladimir"]
[Black "Makhmutov, Rail"]
[Result "0-1"]
[WhiteElo "2124"]
[BlackElo "2448"]
[EventDate "2015.02.24"]
[PlyCount "56"]

1.e4 e6 2.d3 d5 3.Nd2 Nf6 4.Be2 c5 5.Ngf3 Nc6 6.O-O Be7 7.c3 O-O 8.a3 a6 
9.Re1 b5 10.e5 Nd7 11.d4 cxd4 12.cxd4 Qb6 13.Nf1 a5 14.Bd3 Ba6 15.Be3 b4 
16.Bc2 Rfc8 17.a4 b3 18.Bxb3 Nb4 19.Bg5 Bxg5 20.Nxg5 h6 21.Nf3 Nd3 22.Re3 
Rab8 23.Bc2 Nxb2 24.Qb1 Bxf1 25.Kxf1 Qc7 26.Bb3 Rxb3 27.Rxb3 Qc4+ 28.Kg1 
Qxb3 0-1

[Event "16th EUR-ch"]
[Site "Jerusalem ISR"]
[Date "2015.02.26"]
[Round "3"]
[White "Drori, Dan"]
[Black "Gruenfeld, Yehuda"]
[Result "0-1"]
[WhiteElo "2104"]
[BlackElo "2444"]
[EventDate "2015.02.24"]
[PlyCount "64"]

1.e4 c5 2.Nf3 e6 3.d4 cxd4 4.Nxd4 a6 5.Nc3 b5 6.Bd3 Qb6 7.Nf3 d6 8.O-O Qc7
9.Re1 Nd7 10.Bf4 Ne5 11.a4 b4 12.Nd5 Qb8 13.a5 Ng6 14.Bg3 exd5 15.e5 Be6 
16.Bxg6 hxg6 17.exd6 Bxd6 18.Qxd5 Bxg3 19.Qc6+ Kf8 20.hxg3 Ne7 21.Qe4 Rh5 
22.Ra4 Nd5 23.Nd4 Bd7 24.Raa1 Nf6 25.Qe7+ Kg8 26.Rad1 Qf8 27.Nb3 Qxe7 28.
Rxe7 Ba4 29.g4 Rg5 30.Rd4 Bxb3 31.cxb3 Rxa5 32.Rxb4 Nd5 0-1